000 00965nam a22001457a 4500
999 _c530622
_d530622
008 250626b ||||| |||| 00| 0 eng d
100 _aVerma, Jyoti S.
_954803
245 _aHolistic village transformation in India: A decade empowered by Yoga
260 _aKurukshetra
300 _a73(08), Jun, 2025: p.40-45
520 _aIn village and small towns, yoga is proving to be more than just a practice; it's becoming a tool for better health, resilience, and community well-being. With its low-cost, preventive approach to lifestyle diseases and chronic ailments, yoga is offering rural communities an accessible path to holistic wellness. Across the country, inspiring stories continue to emerge, from school children and farmers to homemakers and elders, all discovering the healing power of yoga in their everyday lives. - Reproduced
650 _ayoga, modern empowerment, village transformation, yoga culture
_954804
773 _0Kurukshetra
942 _cAR